000 00497nam a22001937a 4500
003 NUST - PNEC
005 20170116180758.0
008 150409b xxu||||| |||| 00| 0 eng d
020 _a0195027167
040 _cLIBRARY
082 _a297.09 SWA
100 _92272
_aSwartz, Merlin L.
245 _aStudies on Islam
_cMerlin L. Swartz
250 _a-
260 _aNew York
_bOxford University Press
_cc1981.
300 _a284 p. :
_c22cm.
650 _92273
_aIslam
_xGeneral
942 _2ddc
_cBK
999 _c62831
_d62831